New directions in corporate strategy /

Bibliographic Details
Other Authors: Twite, Garry, O'Keeffe, Michael
Format: Book
Language:English
Published: St. Leonards, N.S.W. ; London : Allen & Unwin, 2000.
Subjects:

MARC

Tag First Indicator Second Indicator Subfields
LEADER 00000cam a22000008a 4500
001 in00001578721
005 20151022105501.0
008 000620s2000 at 000 0 eng d
015 |a GBA0-X3540 
020 |a 1865082074 
035 |a (OCoLC)ocm44484612 
040 |a UKM  |c UKM  |d TXA  |d UtOrBLW 
049 |a TXAM 
082 0 4 |a 658.4012  |2 21 
090 |a HD30.28  |b .N485 2000 
245 0 0 |a New directions in corporate strategy /  |c edited by Garry Twite and Michael O'Keeffe. 
264 1 |a St. Leonards, N.S.W. ;  |a London :  |b Allen & Unwin,  |c 2000. 
300 |a 182 pages :  |b illustrations ;  |c 22 cm. 
336 |a text  |b txt  |2 rdacontent 
337 |a unmediated  |b n  |2 rdamedia 
338 |a volume  |b nc  |2 rdacarrier 
650 0 |a Business planning. 
700 1 |a Twite, Garry. 
700 1 |a O'Keeffe, Michael. 
948 |a cataloged  |b h  |c 2001/1/2  |d c  |e jgreene  |f 2:38:07 pm 
994 |a E0  |b TXA 
999 |a MARS 
999 f f |s dc8b81c4-194e-3719-9cf7-013b8d6c6fa6  |i d6ed0e25-ebb7-3972-a5ef-f3c161f0af14  |t 0 
952 f f |p ric  |a Texas A&M University  |b Rellis Campus  |c Joint Library Facility  |d Remote Storage  |t 0  |e HD30.28 .N485 2000  |h Library of Congress classification  |i unmediated -- volume  |m A14827051362 
998 f f |a HD30.28 .N485 2000  |t 0  |l Remote Storage